repliement des protéines - Statistiques

Statistiques générales
  • Ce quiz a été pris 8 fois
  • Le résultat moyen est 3 sur 13
Statistiques - réponses
Hint Réponse % Correct
commence pendant la """""" traduction
80%
Dégradation par le """"""""= Complexe multiprotéique qui dégrade proteasome
60%
le proteasome Reconnaît souvent des protéines marquées pour la dégradation par des molécules d’ """"""" (une modification post-traductionnelle) ubiquitine
40%
par exemple la maladies d' """"""""""" alzheimer
20%
Assisté par des """""""
= protéines qui aide au repliement
correct ; Exemple: les protéines de heat-shock
chaperones
20%
Les chaperones existent aussi chez les """""" eucaryotes
20%
Que se passe-t’il si le repliement se passe mal ? (OK) OK
20%
Que se passe-t’il si le repliement se passe vraiment mal ? (OK) OK
20%
Le protéasome • Contient des """"""" , enzymes dégradant les protéines mal pliés protéases
20%
Le nom (heat-shock) provient du fait que les premiers chaperones identifiés étaient des protéines synthesisés suite à une augmentation de la """""""" rapide chez la bactérie température
20%
les protéines anormalement repliées ≈ "% de toutes les protéine 1
0%
Formation d' """""""" de protéines aggrégats
0%
Un mauvais repliement peut entraîner des maladies graves, appelées """""""" protéopathie
0%
Aucun quiz correspondant
Distribution des résultats
% des personnes avec chaque résultat
Percentile par nombre de réponses
Votre historique - résultats
Vous n’avez pas pris ce quiz